Ancient Greek Tragedies - Statistics

General Stats
  • This quiz has been taken 57 times
  • The average score is 11 of 33
Answer Stats
Author Tragedy % Correct
Sophocles Antigone
68%
Soph. Elektra
55%
Soph. Oidipous tyrannos
55%
Eur. Elektra
53%
Aesch. Agamemnon
50%
Eur. Medea
50%
Eur. Orestes
48%
Aeschylus Persai
48%
Aesch. Eumenides
45%
Soph. Aias
35%
Eur. Bakchai
35%
Eur. Helena
35%
Ps.-Aesch. Prometheus desmotes
35%
Eur. Troades
35%
Aesch. Hepta epi Thebas
33%
Eur. Iphigeneia en Taurois
33%
Aesch. Choephoroi
30%
Euripides Alkestis
28%
Eur. Herakles
28%
Eur. Iphigeneia en Aulidi
28%
Soph. Philoktetes
28%
Eur. Hiketides
25%
Eur. Hippolytos
25%
Eur. Kyklops
25%
Eur. Andromache
23%
Eur. Hekabe
23%
Aesch. Hiketides
23%
Eur. Ion
23%
Ps.-Eur. Rhesos
23%
Soph. Trachiniai
20%
Eur. Herakleidai
18%
Soph. Oidipous epi Kolono
15%
Eur. Phoinissai
15%
No matching quizzes found
Score Distribution
Percent of People with Each Score
Percentile by Number Answered
Your Score History
You have not taken this quiz